Statistics for Top 10 Dreamcast Games

Click here to take the quiz!

General Stats

  • This quiz has been taken 25 times
  • The average score is 3 of 10

Answer Stats

YearGameScore% Correct
1998SoulCalibur98
85%
2000Marvel vs. Capcom 290
55%
2000Jet Grind Radio94
40%
2001Skies of Arcadia93
30%
2000Tony Hawk's Pro Skater 297
25%
1997NFL 2K197
15%
1996Quake III Arena93
15%
1998NBA 2K193
10%
2001NBA 2K293
5%
1998Test Drive Le Mans93
0%

Score Distribution

Percentile by Number Answered

Percent of People with Each Score

Your Score History

You have not taken this quiz